LIBRARY ONLINE CATALOGUE

Physicochemical principles of pharmacy. (Record no. 9001)

MARC details
000 -LEADER
fixed length control field 00725cam a22002412 4500
001 - CONTROL NUMBER
control field 0000019565
005 - DATE AND TIME OF LATEST TRANSACTION
control field 20151217152157.0
008 - FIXED-LENGTH DATA ELEMENTS--GENERAL INFORMATION
fixed length control field 110110s xx 000 0 eng d
020 ## - INTERNATIONAL STANDARD BOOK NUMBER
International Standard Book Number 085369608x :
040 ## - CATALOGING SOURCE
Original cataloging agency KABU
Transcribing agency KABU
100 1# - MAIN ENTRY--PERSONAL NAME
Personal name Florence, Alexander T.
-- 0000179329
245 10 - TITLE STATEMENT
Title Physicochemical principles of pharmacy.
250 ## - EDITION STATEMENT
Edition statement 1st ed.
260 ## - PUBLICATION, DISTRIBUTION, ETC. (IMPRINT)
Place of publication, distribution, etc. London :
Name of publisher, distributor, etc. Pharmaceutical,
Date of publication, distribution, etc. 2006.
300 ## - PHYSICAL DESCRIPTION
Extent xiv,492 p.
650 #0 - SUBJECT ADDED ENTRY--TOPICAL TERM
Topical term or geographic name as entry element Pharmaceuticals chemistry.
-- 0000179330
650 #0 - SUBJECT ADDED ENTRY--TOPICAL TERM
Topical term or geographic name as entry element Chemistry, Physical organic.
-- 0000179331
650 #0 - SUBJECT ADDED ENTRY--TOPICAL TERM
Topical term or geographic name as entry element Pharmacy.
-- 0000179332
700 1# - ADDED ENTRY--PERSONAL NAME
Personal name Attwood, David.
-- 0000179333
852 1# - LOCATION
-- p4897 KES
908 ## - PUT COMMAND PARAMETER (RLIN)
Put command parameter 110110
950 ## - LOCAL HOLDINGS (RLIN)
-- 1
Holdings
Withdrawn status Lost status Source of classification or shelving scheme Not for loan Home library Current library Date acquired Total Checkouts Full call number Barcode Date last seen Price effective from Koha item type
    Library of Congress Classification   Kabarak, Main Campus Kabarak, Main Campus 17/12/2015   RS403 .F56 2006 c.1 22995 17/12/2015 17/12/2015 General Collection